Mahākaviśrīkālidāsaviracitaṃ Mālavikāgnimitram. (Record no. 73152)

MARC details
000 -LEADER
fixed length control field 00811cam a22002771 4500
001 - CONTROL NUMBER
control field sa 67002246
003 - CONTROL NUMBER IDENTIFIER
control field DLC
005 - DATE AND TIME OF LATEST TRANSACTION
control field 20260227112329.0
008 - FIXED-LENGTH DATA ELEMENTS--GENERAL INFORMATION
fixed length control field 900214s1965 ii 000 0 sano
010 ## - LIBRARY OF CONGRESS CONTROL NUMBER
LC control number sa 67002246
035 ## - SYSTEM CONTROL NUMBER
System control number (OCoLC)21064387
040 ## - CATALOGING SOURCE
Original cataloging agency DLC
Transcribing agency WaU
Modifying agency DLC
041 0# - LANGUAGE CODE
Language code of text/sound track or separate title sanhin
042 ## - AUTHENTICATION CODE
Authentication code premarc
050 00 - LIBRARY OF CONGRESS CALL NUMBER
Classification number PK3796
Item number .M2 1965
100 1# - MAIN ENTRY--PERSONAL NAME
Personal name Kālikāsa.
245 00 - TITLE STATEMENT
Title Mahākaviśrīkālidāsaviracitaṃ Mālavikāgnimitram.
260 ## - PUBLICATION, DISTRIBUTION, ETC.
Date of publication, distribution, etc. 1965.
300 ## - PHYSICAL DESCRIPTION
Extent 24, 248 p.
Dimensions 19 cm.
490 1# - SERIES STATEMENT
Series statement Haridas Sanskrit series,
Volume/sequential designation 216
500 ## - GENERAL NOTE
General note Added t.p. in English.
500 ## - GENERAL NOTE
General note Hindi and Sanskrit; introductory matter in Hindi or Sanskrit.
600 00 - SUBJECT ADDED ENTRY--PERSONAL NAME
Personal name Misra, Ram Chandra,
Dates associated with a name 1922-
740 0# - ADDED ENTRY--UNCONTROLLED RELATED/ANALYTICAL TITLE
Uncontrolled related/analytical title Mālavikāgnimitram.
830 #0 - SERIES ADDED ENTRY--UNIFORM TITLE
Uniform title Haridāsa-Saṃskr̥ta-granthamālā ;
Volume/sequential designation 216.

No items available.

Powered by Koha